[Event "DEM U16w 2019"]
[Site "Willingen GER"]
[Date "2019.06.12"]
[Round "6"]
[White "Fock, Amina"]
[Black "Basovskiy, Jana"]
[Result "1-0"]
[Termination "normal"]
[Board "2"]
[WhiteElo "1723"]
[BlackElo "1761"]
[WhiteClock "00:27:42"]
[BlackClock "00:06:43"]
[PlyCount "119"]
[WhiteFideId "12981982"]
[BlackFideId "16208617"]
[EventCountry "GER"]
[EventRounds "9"]
[EventType "swiss"]
[EventDate "2019.06.08"]

1. e4 {[%clk 1:30:59]} 1... c5 {[%clk 1:30:57]} 2. Nc3 {[%clk 1:31:22]} 2... e6
{[%clk 1:31:24]} 3. Nge2 {[%clk 1:31:46]} 3... Nc6 {[%clk 1:31:43]} 4. g3 {
[%clk 1:32:06]} 4... Nf6 {[%clk 1:31:06]} 5. Bg2 {[%clk 1:32:23]} 5... Be7 {
[%clk 1:31:18]} 6. O-O {[%clk 1:32:43]} 6... O-O {[%clk 1:31:32]} 7. d4 { [%clk
1:32:58]} 7... cxd4 {[%clk 1:31:36]} 8. Nxd4 {[%clk 1:33:18]} 8... a6 { [%clk
1:30:34]} 9. Bf4 {[%clk 1:32:12]} 9... d6 {[%clk 1:18:58]} 10. Nxc6 { [%clk
1:28:41]} 10... bxc6 {[%clk 1:18:37]} 11. e5 {[%clk 1:28:40]} 11... Nd5 { [%clk
1:18:19]} 12. exd6 {[%clk 1:28:10]} 12... Bxd6 {[%clk 1:18:43]} 13. Bxd6 {[%clk
1:26:58]} 13... Qxd6 {[%clk 1:18:55]} 14. Ne4 {[%clk 1:24:41]} 14... Qb4 {[%clk
1:12:31]} 15. b3 {[%clk 1:22:11]} 15... Bd7 {[%clk 0:56:33]} 16. c4 { [%clk
1:18:47]} 16... Nb6 {[%clk 0:56:59]} 17. a3 {[%clk 1:14:57]} 17... Qe7 { [%clk
0:56:37]} 18. Qd4 {[%clk 1:14:25]} 18... Rfb8 {[%clk 0:45:22]} 19. Nc5 { [%clk
1:07:54]} 19... Be8 {[%clk 0:44:31]} 20. b4 {[%clk 1:05:57]} 20... Ra7 { [%clk
0:39:47]} 21. Rfd1 {[%clk 0:58:32]} 21... a5 {[%clk 0:35:54]} 22. Qc3 { [%clk
0:56:50]} 22... axb4 {[%clk 0:34:25]} 23. axb4 {[%clk 0:57:12]} 23... Rba8
{[%clk 0:32:36]} 24. Rxa7 {[%clk 0:51:01]} 24... Rxa7 {[%clk 0:31:56]} 25. Nd3
{[%clk 0:48:08]} 25... f6 {[%clk 0:22:25]} 26. Qd4 {[%clk 0:44:18]} 26... Nc8
{[%clk 0:15:44]} 27. Nc5 {[%clk 0:44:11]} 27... Kf7 {[%clk 0:12:18]} 28. Bh3
{[%clk 0:41:20]} 28... e5 {[%clk 0:10:46]} 29. Qd3 {[%clk 0:41:03]} 29... Nb6
{[%clk 0:07:44]} 30. Qxh7 {[%clk 0:39:33]} 30... Bd7 {[%clk 0:07:42]} 31. Bxd7
{[%clk 0:32:43]} 31... Nxd7 {[%clk 0:07:55]} 32. Rxd7 {[%clk 0:32:50]} 32...
Rxd7 {[%clk 0:08:16]} 33. Nxd7 {[%clk 0:33:15]} 33... Qxd7 { [%clk 0:08:41]}
34. Qc2 {[%clk 0:33:29]} 34... Qd4 {[%clk 0:07:50]} 35. Qb3 { [%clk 0:31:39]}
35... Qe4 {[%clk 0:04:18]} 36. Qc3 {[%clk 0:24:00]} 36... Qb1+ {[%clk 0:04:22]}
37. Kg2 {[%clk 0:23:56]} 37... Qe4+ {[%clk 0:04:45]} 38. Kf1 { [%clk 0:24:04]}
38... Qh1+ {[%clk 0:03:13]} 39. Ke2 {[%clk 0:24:23]} 39... Qxh2 {[%clk
0:03:05]} 40. Qf3 {[%clk 0:24:38]} 40... Qh7 {[%clk 0:03:02]} 41. Qxc6 { [%clk
0:22:03]} 41... Qc2+ {[%clk 0:03:26]} 42. Kf1 {[%clk 0:22:26]} 42... Qb1+
{[%clk 0:03:11]} 43. Kg2 {[%clk 0:21:08]} 43... Qxb4 {[%clk 0:03:30]} 44. Qd5+
{[%clk 0:21:26]} 44... Ke7 {[%clk 0:03:14]} 45. c5 {[%clk 0:18:45]} 45... Qb8 {
[%clk 0:29:35]} 46. Qc6 {[%clk 0:47:26]} 46... Qb1 {[%clk 0:20:12]} 47. Qd6+ {
[%clk 0:45:37]} 47... Ke8 {[%clk 0:18:56]} 48. Qd5 {[%clk 0:45:19]} 48... Ke7 {
[%clk 0:14:29]} 49. c6 {[%clk 0:44:53]} 49... Qf5 {[%clk 0:12:29]} 50. c7 {
[%clk 0:30:18]} 50... Qc8 {[%clk 0:12:49]} 51. Qc6 {[%clk 0:30:32]} 51... Kf7 {
[%clk 0:11:24]} 52. f3 {[%clk 0:29:51]} 52... Ke7 {[%clk 0:09:59]} 53. Kf2 {
[%clk 0:29:37]} 53... Kf7 {[%clk 0:10:06]} 54. Ke3 {[%clk 0:29:44]} 54... Ke7 {
[%clk 0:10:23]} 55. Ke4 {[%clk 0:29:18]} 55... g6 {[%clk 0:10:12]} 56. g4 {
[%clk 0:29:16]} 56... f5+ {[%clk 0:07:40]} 57. Kxe5 {[%clk 0:28:54]} 57... fxg4
{[%clk 0:06:07]} 58. Qd6+ {[%clk 0:27:32]} 58... Kf7 {[%clk 0:06:25]} 59. Qf6+
{[%clk 0:27:20]} 59... Ke8 {[%clk 0:06:43]} 60. Qe6+ {[%clk 0:27:42]} 1-0

[Event "DEM U16w 2019"]
[Site "Willingen GER"]
[Date "2019.06.12"]
[Round "6"]
[White "Glinzner, Alva"]
[Black "Müdder, Melanie"]
[Result "1/2-1/2"]
[Termination "normal"]
[Board "3"]
[WhiteElo "1810"]
[BlackElo "1912"]
[WhiteClock "00:22:46"]
[BlackClock "00:20:44"]
[PlyCount "89"]
[WhiteFideId "16206169"]
[BlackFideId "12994103"]
[EventCountry "GER"]
[EventRounds "9"]
[EventType "swiss"]
[EventDate "2019.06.08"]

1. e4 {[%clk 1:30:59]} 1... c5 {[%clk 1:30:52]} 2. d3 {[%clk 1:31:19]} 2... Nc6
{[%clk 1:31:14]} 3. f4 {[%clk 1:31:41]} 3... g6 {[%clk 1:31:22]} 4. Nf3 { [%clk
1:32:01]} 4... Bg7 {[%clk 1:31:40]} 5. Be2 {[%clk 1:32:20]} 5... e6 { [%clk
1:31:32]} 6. O-O {[%clk 1:32:35]} 6... Nge7 {[%clk 1:31:35]} 7. c3 { [%clk
1:32:45]} 7... O-O {[%clk 1:31:27]} 8. Na3 {[%clk 1:32:24]} 8... d5 { [%clk
1:30:02]} 9. Qe1 {[%clk 1:32:02]} 9... b6 {[%clk 1:23:40]} 10. Nc2 { [%clk
1:30:23]} 10... Ba6 {[%clk 1:22:06]} 11. Bd2 {[%clk 1:24:50]} 11... Qc7 { [%clk
1:15:02]} 12. Rd1 {[%clk 1:23:18]} 12... Rad8 {[%clk 1:13:22]} 13. e5 { [%clk
1:10:55]} 13... d4 {[%clk 0:45:18]} 14. Ng5 {[%clk 0:55:09]} 14... c4 15. Qg3
{[%clk 0:54:32]} 15... Nf5 {[%clk 0:36:55]} 16. Qh3 {[%clk 0:54:32]} 16... h6
{[%clk 0:36:34]} 17. Ne4 {[%clk 0:54:33]} 17... cxd3 {[%clk 0:31:59]} 18. Bxd3
{[%clk 0:54:44]} 18... Bxd3 {[%clk 0:30:46]} 19. Qxd3 {[%clk 0:54:54]} 19...
dxc3 {[%clk 0:30:54]} 20. Qxc3 {[%clk 0:55:14]} 20... Qb7 {[%clk 0:30:25] } 21.
Qf3 {[%clk 0:46:06]} 21... Kh8 {[%clk 0:22:40]} 22. Bc3 {[%clk 0:43:35]} 22...
Nce7 {[%clk 0:19:22]} 23. Nd4 {[%clk 0:35:09]} 23... Nxd4 {[%clk 0:17:11] } 24.
Bxd4 {[%clk 0:35:21]} 24... Nf5 {[%clk 0:17:10]} 25. Bf2 {[%clk 0:32:19]} 25...
Qa6 {[%clk 0:16:36]} 26. a3 {[%clk 0:31:06]} 26... Qa4 {[%clk 0:13:07]} 27. b4
{[%clk 0:24:24]} 27... Qa6 {[%clk 0:09:23]} 28. g4 {[%clk 0:18:22]} 28... Ne7
{[%clk 0:09:25]} 29. Nd6 {[%clk 0:17:49]} 29... Nd5 {[%clk 0:08:55]} 30. Bg3
{[%clk 0:13:21]} 30... f6 {[%clk 0:07:14]} 31. b5 {[%clk 0:09:31]} 31... Qa4
{[%clk 0:06:48]} 32. Qd3 {[%clk 0:02:36]} 32... fxe5 {[%clk 0:05:08]} 33. fxe5
{[%clk 0:01:56]} 33... Kh7 {[%clk 0:03:57]} 34. h3 {[%clk 0:01:54]} 34... Rd7
{[%clk 0:02:31]} 35. Rc1 {[%clk 0:01:17]} 35... Rxf1+ {[%clk 0:01:52] } 36.
Kxf1 {[%clk 0:01:00]} 36... Rc7 {[%clk 0:02:03]} 37. Rxc7 {[%clk 0:01:05] }
37... Nxc7 {[%clk 0:02:16]} 38. Kf2 {[%clk 0:00:42]} 38... a6 {[%clk 0:00:41] }
39. bxa6 {[%clk 0:00:49]} 39... Nxa6 {[%clk 0:00:56]} 40. Nc4 {[%clk 0:00:31] }
40... Nc5 {[%clk 0:00:49]} 41. Qe2 {[%clk 0:29:53]} 41... b5 {[%clk 0:25:34]}
42. Nd6 {[%clk 0:29:52]} 42... Qxa3 {[%clk 0:22:56]} 43. Nxb5 {[%clk 0:29:23]}
43... Qb3 {[%clk 0:21:33]} 44. Nd4 {[%clk 0:26:15]} 44... Qd5 {[%clk 0:20:44]}
45. Nf3 {[%clk 0:22:46]} 1/2-1/2

[Event "DEM U16w 2019"]
[Site "Willingen GER"]
[Date "2019.06.12"]
[Round "6"]
[White "Sokolowski, Judith"]
[Black "Wagner, Victoria"]
[Result "1/2-1/2"]
[Termination "normal"]
[Board "8"]
[WhiteElo "1749"]
[BlackElo "1808"]
[WhiteClock "00:02:32"]
[BlackClock "00:04:55"]
[PlyCount "157"]
[WhiteFideId "16200624"]
[BlackFideId "16232348"]
[EventCountry "GER"]
[EventRounds "9"]
[EventType "swiss"]
[EventDate "2019.06.08"]

1. e4 {[%clk 1:30:58]} 1... c5 {[%clk 1:30:52]} 2. c3 {[%clk 1:31:25]} 2... Nf6
{[%clk 1:31:13]} 3. e5 {[%clk 1:31:48]} 3... Nd5 {[%clk 1:31:36]} 4. d4 { [%clk
1:32:06]} 4... cxd4 {[%clk 1:31:46]} 5. cxd4 {[%clk 1:32:32]} 5... Nc6 { [%clk
1:30:57]} 6. Nf3 {[%clk 1:32:34]} 6... d6 {[%clk 1:28:36]} 7. Bc4 { [%clk
1:30:23]} 7... Nb6 {[%clk 1:26:27]} 8. Bb5 {[%clk 1:22:31]} 8... e6 { [%clk
1:21:19]} 9. Bxc6+ {[%clk 1:12:53]} 9... bxc6 {[%clk 1:21:43]} 10. O-O { [%clk
1:11:38]} 10... Be7 {[%clk 1:19:07]} 11. exd6 {[%clk 1:10:37]} 11... Qxd6
{[%clk 1:17:59]} 12. Nc3 {[%clk 1:09:53]} 12... O-O {[%clk 1:16:25]} 13. Re1 {
[%clk 0:59:31]} 13... Rd8 {[%clk 1:12:38]} 14. Qc2 {[%clk 0:56:47]} 14... h6 {
[%clk 1:07:14]} 15. Qe4 {[%clk 0:48:01]} 15... Nd5 {[%clk 1:02:17]} 16. Ne5 {
[%clk 0:43:54]} 16... Bb7 {[%clk 0:55:51]} 17. Qf3 {[%clk 0:32:52]} 17... Nf6 {
[%clk 0:51:19]} 18. Qg3 {[%clk 0:29:24]} 18... Kf8 {[%clk 0:38:33]} 19. Be3 {
[%clk 0:26:47]} 19... Qb8 {[%clk 0:32:51]} 20. Rad1 {[%clk 0:21:07]} 20... Bd6
{[%clk 0:30:36]} 21. Bc1 {[%clk 0:18:16]} 21... Nd7 {[%clk 0:23:16]} 22. Bf4 {
[%clk 0:14:49]} 22... Nxe5 {[%clk 0:19:46]} 23. dxe5 {[%clk 0:13:40]} 23... Bb4
{[%clk 0:17:19]} 24. Qh3 {[%clk 0:11:44]} 24... Qc7 {[%clk 0:13:27]} 25. a3 {
[%clk 0:08:18]} 25... Be7 {[%clk 0:09:44]} 26. Ne4 {[%clk 0:07:03]} 26... c5 {
[%clk 0:07:46]} 27. Nd6 {[%clk 0:04:38]} 27... Bxd6 {[%clk 0:06:17]} 28. exd6 {
[%clk 0:04:48]} 28... Qc6 {[%clk 0:05:11]} 29. Rd3 {[%clk 0:03:53]} 29... Bc8 {
[%clk 0:03:35]} 30. Qh5 {[%clk 0:02:50]} 30... Bb7 {[%clk 0:03:43]} 31. Rg3 {
[%clk 0:02:56]} 31... Rxd6 {[%clk 0:02:46]} 32. Bxd6+ {[%clk 0:02:57]} 32...
Qxd6 {[%clk 0:03:12]} 33. Rd1 {[%clk 0:02:57]} 33... Qe7 {[%clk 0:03:01]} 34.
Qe5 {[%clk 0:02:37]} 34... f6 {[%clk 0:02:32]} 35. Qc3 {[%clk 0:02:23]} 35...
Kf7 {[%clk 0:02:09]} 36. Rgd3 {[%clk 0:02:29]} 36... Bc6 {[%clk 0:02:17]} 37.
h3 {[%clk 0:02:17]} 37... Rc8 {[%clk 0:02:10]} 38. Qa5 {[%clk 0:01:49]} 38...
Bd5 {[%clk 0:02:15]} 39. Qd2 {[%clk 0:01:29]} 39... Qb7 {[%clk 0:01:59]} 40.
Qc3 {[%clk 0:01:22]} 40... Kg8 {[%clk 0:01:18]} 41. Rg3 {[%clk 0:29:25]} 41...
Kh8 {[%clk 0:30:12]} 42. Rd2 {[%clk 0:26:34]} 42... Qf7 {[%clk 0:29:19]} 43.
Qa5 {[%clk 0:25:55]} 43... Qe7 {[%clk 0:27:58]} 44. Qa6 {[%clk 0:24:58]} 44...
Rc6 {[%clk 0:27:47]} 45. Qe2 {[%clk 0:24:28]} 45... Qf7 {[%clk 0:27:06]} 46.
Rc2 {[%clk 0:24:25]} 46... Qe7 {[%clk 0:27:14]} 47. Rd3 {[%clk 0:22:20]} 47...
Qf7 {[%clk 0:26:41]} 48. Rdc3 {[%clk 0:21:37]} 48... Qe7 {[%clk 0:26:46]} 49.
Qe3 {[%clk 0:21:28]} 49... c4 {[%clk 0:26:42]} 50. b3 {[%clk 0:19:12]} 50...
cxb3 {[%clk 0:19:35]} 51. Rxc6 {[%clk 0:19:20]} 51... bxc2 {[%clk 0:19:54]} 52.
Rxc2 {[%clk 0:18:14]} 52... Qb7 {[%clk 0:20:11]} 53. Qc5 {[%clk 0:15:07]} 53...
Kh7 {[%clk 0:16:46]} 54. f3 {[%clk 0:13:01]} 54... Qb3 {[%clk 0:14:56]} 55. Rc1
{[%clk 0:11:29]} 55... Qb2 {[%clk 0:12:18]} 56. Qc2+ {[%clk 0:10:13]} 56...
Qxc2 {[%clk 0:12:42]} 57. Rxc2 {[%clk 0:10:35]} 57... a5 {[%clk 0:13:08]} 58.
Kf2 {[%clk 0:09:38]} 58... a4 {[%clk 0:13:29]} 59. Ke3 {[%clk 0:09:38]} 59...
Kg6 {[%clk 0:13:48]} 60. Rc5 {[%clk 0:08:45]} 60... Kf7 {[%clk 0:13:09]} 61.
Kd4 {[%clk 0:08:34]} 61... Bb3 {[%clk 0:13:11]} 62. Kc3 {[%clk 0:08:33]} 62...
Ke7 {[%clk 0:11:59]} 63. Rc7+ {[%clk 0:08:43]} 63... Kf8 {[%clk 0:12:21]} 64.
Kb4 {[%clk 0:08:58]} 64... f5 {[%clk 0:11:52]} 65. Ra7 {[%clk 0:07:02]} 65...
h5 {[%clk 0:10:37]} 66. Rxa4 {[%clk 0:06:32]} 66... Bxa4 {[%clk 0:10:55]} 67.
Kxa4 {[%clk 0:06:59]} 67... e5 {[%clk 0:10:35]} 68. Kb4 {[%clk 0:07:16]} 68...
g5 {[%clk 0:10:22]} 69. Kc5 {[%clk 0:06:35]} 69... e4 {[%clk 0:06:34]} 70. fxe4
{[%clk 0:04:43]} 70... f4 {[%clk 0:07:00]} 71. Kd4 {[%clk 0:03:55]} 71... g4 {
[%clk 0:07:20]} 72. e5 {[%clk 0:03:20]} 72... f3 {[%clk 0:05:36]} 73. Ke3 {
[%clk 0:01:57]} 73... fxg2 {[%clk 0:04:19]} 74. Kf2 {[%clk 0:02:24]} 74... Ke7
{[%clk 0:04:00]} 75. Kxg2 {[%clk 0:01:58]} 75... gxh3+ {[%clk 0:03:49]} 76.
Kxh3 {[%clk 0:02:22]} 76... Ke6 {[%clk 0:04:10]} 77. a4 {[%clk 0:02:03]} 77...
Kxe5 {[%clk 0:04:34]} 78. a5 {[%clk 0:02:17]} 78... Kd6 {[%clk 0:04:55]} 79. a6
{[%clk 0:02:32]} 1/2-1/2

[Event "DEM U16w 2019"]
[Site "Willingen GER"]
[Date "2019.06.12"]
[Round "6"]
[White "Schneider, Katharina"]
[Black "Wucherer, Sophie"]
[Result "1/2-1/2"]
[Termination "normal"]
[Board "10"]
[WhiteElo "1784"]
[BlackElo "1496"]
[WhiteClock "00:02:29"]
[BlackClock "00:01:40"]
[PlyCount "109"]
[WhiteFideId "16200519"]
[BlackFideId "16225473"]
[EventCountry "GER"]
[EventRounds "9"]
[EventType "swiss"]
[EventDate "2019.06.08"]

1. e4 {[%clk 1:30:57]} 1... c5 {[%clk 1:30:53]} 2. Nf3 {[%clk 1:31:23]} 2... e6
{[%clk 1:31:18]} 3. d4 {[%clk 1:31:45]} 3... cxd4 {[%clk 1:31:43]} 4. Nxd4 {
[%clk 1:32:09]} 4... a6 {[%clk 1:32:06]} 5. c4 {[%clk 1:32:29]} 5... Nf6 {
[%clk 1:32:11]} 6. Nc3 {[%clk 1:32:51]} 6... Qc7 {[%clk 1:32:28]} 7. a3 { [%clk
1:32:54]} 7... d6 {[%clk 1:26:02]} 8. Be3 {[%clk 1:28:15]} 8... Nc6 { [%clk
1:14:01]} 9. Rc1 {[%clk 1:24:41]} 9... Qe7 {[%clk 1:12:31]} 10. Be2 { [%clk
1:16:56]} 10... Bd7 {[%clk 1:06:03]} 11. O-O {[%clk 1:13:58]} 11... g6 { [%clk
1:05:55]} 12. b4 {[%clk 1:11:57]} 12... Bg7 {[%clk 1:05:10]} 13. c5 { [%clk
0:56:03]} 13... Rd8 {[%clk 0:43:00]} 14. cxd6 {[%clk 0:45:02]} 14... Qxd6
{[%clk 0:43:09]} 15. f4 {[%clk 0:44:32]} 15... Nxd4 {[%clk 0:36:58]} 16. Bxd4 {
[%clk 0:34:54]} 16... Bc6 {[%clk 0:36:37]} 17. Bxf6 {[%clk 0:34:03]} 17... Qxd1
{[%clk 0:36:08]} 18. Rfxd1 {[%clk 0:33:38]} 18... Rxd1+ {[%clk 0:33:08]} 19.
Rxd1 {[%clk 0:31:43]} 19... Bxf6 {[%clk 0:33:27]} 20. b5 {[%clk 0:26:34]} 20...
axb5 {[%clk 0:32:09]} 21. Nxb5 {[%clk 0:26:56]} 21... O-O {[%clk 0:30:35]} 22.
e5 {[%clk 0:25:29]} 22... Be7 {[%clk 0:30:55]} 23. Nd6 {[%clk 0:24:50]} 23...
Ra8 {[%clk 0:29:38]} 24. Ra1 {[%clk 0:16:56]} 24... Ra4 {[%clk 0:28:28]} 25. g3
{[%clk 0:14:27]} 25... Bd8 {[%clk 0:27:34]} 26. Rb1 {[%clk 0:12:26]} 26... Ra7
{[%clk 0:13:08]} 27. Rb3 {[%clk 0:08:48]} 27... Kf8 {[%clk 0:10:18]} 28. Kf2 {
[%clk 0:07:23]} 28... h5 {[%clk 0:04:28]} 29. Bf3 {[%clk 0:05:42]} 29... Bxf3 {
[%clk 0:03:14]} 30. Kxf3 {[%clk 0:06:01]} 30... Be7 {[%clk 0:03:08]} 31. Ke4 {
[%clk 0:04:05]} 31... Ra4+ {[%clk 0:03:05]} 32. Kd3 {[%clk 0:04:01]} 32... Ra7
{[%clk 0:02:13]} 33. Kc4 {[%clk 0:04:04]} 33... Ra6 {[%clk 0:01:42]} 34. Rxb7 {
[%clk 0:02:39]} 34... Rxa3 {[%clk 0:01:58]} 35. Rb8+ {[%clk 0:02:52]} 35... Kg7
{[%clk 0:02:08]} 36. Rb2 {[%clk 0:03:11]} 36... Ra5 {[%clk 0:02:05]} 37. Rd2 {
[%clk 0:02:16]} 37... h4 {[%clk 0:01:51]} 38. Kb4 {[%clk 0:01:22]} 38... Ra1 {
[%clk 0:01:18]} 39. Kc5 {[%clk 0:01:20]} 39... Rc1+ {[%clk 0:01:09]} 40. Kb6 {
[%clk 0:01:33]} 40... hxg3 {[%clk 0:00:48]} 41. hxg3 {[%clk 0:01:54]} 41... Rf1
{[%clk 0:23:49]} 42. Kc7 {[%clk 0:27:17]} 42... Ra1 {[%clk 0:16:50]} 43. Rb2 {
[%clk 0:24:00]} 43... Ra7+ {[%clk 0:12:30]} 44. Rb7 {[%clk 0:20:57]} 44...
Rxb7+ {[%clk 0:10:10]} 45. Kxb7 {[%clk 0:17:23]} 45... f6 {[%clk 0:06:17]} 46.
Kc7 {[%clk 0:16:15]} 46... g5 {[%clk 0:04:46]} 47. Kd7 {[%clk 0:14:53]} 47...
gxf4 {[%clk 0:01:53]} 48. gxf4 {[%clk 0:08:52]} 48... fxe5 {[%clk 0:01:50]} 49.
fxe5 {[%clk 0:09:12]} 49... Bh4 {[%clk 0:01:48]} 50. Kxe6 {[%clk 0:09:07]}
50... Be1 {[%clk 0:01:40]} 51. Kd7 {[%clk 0:06:22]} 51... Kf8 {[%clk 0:00:57]}
52. Nf5 {[%clk 0:04:36]} 52... Bc3 {[%clk 0:01:06]} 53. e6 {[%clk 0:04:41]}
53... Bf6 {[%clk 0:01:18]} 54. e7+ {[%clk 0:02:03]} 54... Bxe7 {[%clk 0:01:40]}
55. Nxe7 {[%clk 0:02:29]} 1/2-1/2

[Event "DEM U16w 2019"]
[Site "Willingen GER"]
[Date "2019.06.12"]
[Round "6"]
[White "Jacoby, Angelina"]
[Black "Huppert, Anna"]
[Result "1/2-1/2"]
[Termination "normal"]
[Board "11"]
[WhiteElo "1412"]
[BlackElo "1515"]
[WhiteClock "00:02:17"]
[BlackClock "00:01:59"]
[PlyCount "136"]
[WhiteFideId "12999008"]
[BlackFideId "16214439"]
[EventCountry "GER"]
[EventRounds "9"]
[EventType "swiss"]
[EventDate "2019.06.08"]

1. d4 {[%clk 1:30:58]} 1... Nf6 {[%clk 1:30:56]} 2. Nf3 {[%clk 1:31:09]} 2...
e6 {[%clk 1:31:19]} 3. Bf4 {[%clk 1:31:18]} 3... c5 {[%clk 1:29:09]} 4. e3 {
[%clk 1:30:05]} 4... Nc6 {[%clk 1:29:08]} 5. c3 {[%clk 1:23:15]} 5... d5 {
[%clk 1:29:23]} 6. Nbd2 {[%clk 1:23:21]} 6... b6 {[%clk 1:28:46]} 7. Bd3 {
[%clk 1:20:28]} 7... Bb7 {[%clk 1:27:26]} 8. h3 {[%clk 1:20:13]} 8... cxd4 {
[%clk 1:27:15]} 9. exd4 {[%clk 1:20:09]} 9... Be7 {[%clk 1:27:11]} 10. O-O {
[%clk 1:20:30]} 10... O-O {[%clk 1:27:13]} 11. Nh2 {[%clk 1:16:31]} 11... a5 {
[%clk 1:25:45]} 12. Ng4 {[%clk 1:16:38]} 12... Ba6 {[%clk 1:17:38]} 13. Bxa6 {
[%clk 1:09:26]} 13... Rxa6 {[%clk 1:17:38]} 14. Qe2 {[%clk 1:09:23]} 14... Ra8
{[%clk 1:12:59]} 15. Bh2 {[%clk 1:04:14]} 15... Re8 {[%clk 0:57:56]} 16. f4 {
[%clk 0:59:45]} 16... Qc8 {[%clk 0:50:14]} 17. Qf3 {[%clk 0:56:05]} 17... b5 {
[%clk 0:38:29]} 18. Rae1 {[%clk 0:42:23]} 18... b4 {[%clk 0:33:17]} 19. f5 {
[%clk 0:36:33]} 19... bxc3 {[%clk 0:29:55]} 20. bxc3 {[%clk 0:36:08]} 20...
Nxg4 {[%clk 0:23:41]} 21. Qxg4 {[%clk 0:36:21]} 21... exf5 {[%clk 0:20:09]} 22.
Qxf5 {[%clk 0:34:50]} 22... Qxf5 {[%clk 0:19:46]} 23. Rxf5 {[%clk 0:35:14]}
23... Rad8 {[%clk 0:18:46]} 24. Rb1 {[%clk 0:31:21]} 24... g6 {[%clk 0:15:09]}
25. Rff1 {[%clk 0:29:45]} 25... a4 {[%clk 0:14:04]} 26. Rb7 {[%clk 0:26:43]}
26... a3 {[%clk 0:10:30]} 27. Nf3 {[%clk 0:14:38]} 27... f6 {[%clk 0:07:26]}
28. Rb5 {[%clk 0:09:47]} 28... Bf8 {[%clk 0:05:29]} 29. Kf2 {[%clk 0:09:19]}
29... Rd7 {[%clk 0:04:00]} 30. Re1 {[%clk 0:05:17]} 30... Kf7 {[%clk 0:02:31]}
31. Rxe8 {[%clk 0:04:56]} 31... Kxe8 {[%clk 0:02:54]} 32. Rb6 {[%clk 0:04:49]}
32... Na5 {[%clk 0:01:15]} 33. Nd2 {[%clk 0:03:30]} 33... f5 {[%clk 0:01:10]}
34. Rb8+ {[%clk 0:02:57]} 34... Kf7 {[%clk 0:00:50]} 35. Rc8 {[%clk 0:02:50]}
35... Be7 {[%clk 0:00:35]} 36. Rc7 {[%clk 0:01:57]} 36... Rxc7 {[%clk 0:00:37]}
37. Bxc7 {[%clk 0:02:22]} 37... Nc6 {[%clk 0:00:52]} 38. Nf3 {[%clk 0:02:08]}
38... Ke6 {[%clk 0:00:56]} 39. Ke2 {[%clk 0:02:04]} 39... Na7 {[%clk 0:00:46]}
40. Kd3 {[%clk 0:01:43]} 40... Nb5 {[%clk 0:00:56]} 41. Ba5 {[%clk 0:01:57]}
41... Kd7 {[%clk 0:00:39]} 42. Kc2 {[%clk 0:01:57]} 42... Nd6 {[%clk 0:30:30]}
43. Nd2 {[%clk 0:22:43]} 43... Nb5 {[%clk 0:28:15]} 44. Kb3 {[%clk 0:20:32]}
44... Kc6 {[%clk 0:26:14]} 45. Nb1 {[%clk 0:19:43]} 45... h5 {[%clk 0:25:38]}
46. Nd2 {[%clk 0:18:41]} 46... g5 {[%clk 0:23:33]} 47. Nf3 {[%clk 0:16:47]}
47... g4 {[%clk 0:22:20]} 48. hxg4 {[%clk 0:16:52]} 48... fxg4 {[%clk 0:21:32]}
49. Ne5+ {[%clk 0:17:07]} 49... Kb7 {[%clk 0:19:49]} 50. Ng6 {[%clk 0:13:49]}
50... Bd6 {[%clk 0:18:13]} 51. Bb4 {[%clk 0:12:14]} 51... Bxb4 {[%clk 0:12:44]}
52. Kxb4 {[%clk 0:12:37]} 52... Kb6 {[%clk 0:12:27]} 53. Nf4 {[%clk 0:12:42]}
53... h4 {[%clk 0:10:37]} 54. Nxd5+ {[%clk 0:12:14]} 54... Kb7 {[%clk 0:08:35]}
55. Nf4 {[%clk 0:08:46]} 55... Kb6 {[%clk 0:07:41]} 56. d5 {[%clk 0:06:51]}
56... Ka6 {[%clk 0:03:38]} 57. c4 {[%clk 0:06:43]} 57... Nd6 {[%clk 0:03:34]}
58. c5 {[%clk 0:06:37]} 58... Nf7 {[%clk 0:02:37]} 59. Kxa3 {[%clk 0:02:28]}
59... Kb5 {[%clk 0:02:57]} 60. c6 {[%clk 0:02:29]} 60... Nd6 {[%clk 0:02:51]}
61. Kb3 {[%clk 0:02:34]} 61... Kc5 {[%clk 0:02:59]} 62. a4 {[%clk 0:02:02]}
62... h3 {[%clk 0:03:18]} 63. gxh3 {[%clk 0:02:17]} 63... gxh3 {[%clk 0:03:45]}
64. Nxh3 {[%clk 0:02:40]} 64... Kxd5 {[%clk 0:04:05]} 65. c7 {[%clk 0:02:11]}
65... Kc6 {[%clk 0:03:25]} 66. Kb4 {[%clk 0:02:08]} 66... Kxc7 {[%clk 0:02:55]}
67. Nf4 {[%clk 0:02:27]} 67... Nb7 {[%clk 0:02:43]} 68. Kb5 {[%clk 0:02:17]}
68... Nd6+ {[%clk 0:01:59]} 1/2-1/2